Central Library OPAC University of Rajshahi

An ecological glossary. / (Record no. 76603)

MARC details
000 -LEADER
fixed length control field 00686cam a2200241ra 4500
001 - CONTROL NUMBER
control field 76603
003 - CONTROL NUMBER IDENTIFIER
rucl marc code BD-RjUL
005 - DATE AND TIME OF LATEST TRANSACTION
control field 20211209082850.0
008 - FIXED-LENGTH DATA ELEMENTS--GENERAL INFORMATION
fixed length control field 191224r19381962nyu d 00000 eng d
035 ## - SYSTEM CONTROL NUMBER
System control number (BD-RjUL)76827
System control number 2281391
040 ## - CATALOGING SOURCE
Original cataloging agency ANL
Language of cataloging eng
Modifying agency ANL
Transcribing agency BD-RjUL
041 ## - LANGUAGE CODE
Language code of text/sound track or separate title eng
082 ## - DEWEY DECIMAL CLASSIFICATION NUMBER
Edition number 23
Classification number 581.703
Author mark and year RIE 1962
100 1# - MAIN ENTRY--PERSONAL NAME
Personal name Carpenter, J. Richard
Fuller form of name (John Richard)
9 (RLIN) 236852
245 13 - TITLE STATEMENT
Title An ecological glossary. /
Statement of responsibility, etc. J. Richard Carpenter,
260 ## - PUBLICATION, DISTRIBUTION, ETC. (IMPRINT)
Place of publication, distribution, etc. New York :
Name of publisher, distributor, etc. Hafner,
Date of publication, distribution, etc. 1956.
300 ## - PHYSICAL DESCRIPTION
Pagination 306 p. ;
Size 22 cm
650 #0 - SUBJECT ADDED ENTRY--TOPICAL TERM
Topical term or geographic name as entry element Plant ecology
General subdivision Dictionaries.
9 (RLIN) 236853
Topical term or geographic name as entry element Animal ecology
General subdivision Dictionaries.
9 (RLIN) 236854
942 ## - ADDED ENTRY ELEMENTS (KOHA)
Source of classification or shelving scheme Dewey Decimal Classification
Koha item type Reference
Holdings
Lost status Source of classification or shelving scheme Damaged status Not for loan Collection code Permanent Location Current Location Shelving location Date acquired Source of acquisition Cost, normal purchase price Total Checkouts Full call number Date last seen Copy number Koha item type
  Dewey Decimal Classification     Reference Central Library, University of Rajshahi Central Library, University of Rajshahi   01/12/1964 Euro-pak News agency 37.50   R 581.703 RIE 1962 24/12/2019 C-1 Reference